Normal view
MARC view
- الريماوي،محمد عوده
Entry Personal Name
001 - CONTROL NUMBER
- control field: 22728
003 - CONTROL NUMBER IDENTIFIER
- control field: JO-AjAnu
005 - DATE AND TIME OF LATEST TRANSACTION
- control field: 20230606073922.0
008 - FIXED-LENGTH DATA ELEMENTS
- fixed length control field: 230606|| aca||aabn | a|a d
040 ## - CATALOGING SOURCE
- Original cataloging agency: JO-AjAnu
- Transcribing agency: JO-AjAnu
100 ## - HEADING--PERSONAL NAME
- Personal name: الريماوي،محمد عوده
670 ## - SOURCE DATA FOUND
- Source citation: Work cat.: (JO-AjAnu)11681: الريماوي،محمد عوده , author, في علم نفس الطفل